Diference. Topografie současné architektury

Gespeichert in:
Bibliographische Detailangaben
1. Verfasser: Sola-Morales, Ignasi de (Verfasst von)
Weitere Verfasser: Fialová, Irena (Übersetzung), Tichá, Jana (Übersetzung)
Format: Buch
Sprache:Tschechisch
Englisch
Veröffentlicht: Praha : Česká komora architektů, 1999
Ausgabe:1. vydanie
Schlagworte:
Tags: Tag hinzufügen
Keine Tags, Fügen Sie das erste Tag hinzu!

MARC

LEADER 00000nam a22000003a 4500
001 stu123742
005 20170215140238.0
008 060720s1999----------------------------d
020 |a 80-902735-1-3 
040 |a STU  |b slo 
041 0 |a cze  |h eng 
044 |a xr 
100 1 |a Sola-Morales, Ignasi de  |4 aut 
245 1 |a Diference. Topografie současné architektury 
250 |a 1. vydanie 
260 |a Praha : 
260 |b Česká komora architektů,  |c 1999 
300 |a 79 s 
500 |a kópia 
650 7 |a architektúra-teória  |2 stusub 
700 1 |a Fialová, Irena  |4 trl 
700 1 |a Tichá, Jana  |4 trl 
996 |b 284AB00715  |c A*1140 B  |l AAKNST  |s P  |a 0  |w stu123742_0001 
996 |b 284AU06898  |c A* 10026/U  |l AAKNAR  |s A  |a 24  |w stu123742_0002